Vụ tập kích Sơn Tây
Gorde:
| Egile nagusia: | |
|---|---|
| Formatua: | Liburua |
| Hizkuntza: | Undetermined |
| Argitaratua: |
Hà nội
Công an nhân dân
1989
|
| Gaiak: | |
| Etiketak: |
Etiketa erantsi
Etiketarik gabe, Izan zaitez lehena erregistro honi etiketa jartzen!
|
| Thư viện lưu trữ: | Trung tâm Học liệu Trường Đại học Cần Thơ |
|---|
| LEADER | 00513nam a2200169Ia 4500 | ||
|---|---|---|---|
| 001 | CTU_11000 | ||
| 008 | 210402s9999 xx 000 0 und d | ||
| 082 | |a 959.7043 | ||
| 082 | |b V500 | ||
| 100 | |a Benjamin F Sime | ||
| 245 | 0 | |a Vụ tập kích Sơn Tây | |
| 245 | 0 | |c Benjamin F Sime, Lê Trọng Bình, Lâm Hải Hồ | |
| 260 | |a Hà nội | ||
| 260 | |b Công an nhân dân | ||
| 260 | |c 1989 | ||
| 650 | |a vietnam - war, 1960-1975 | ||
| 980 | |a Trung tâm Học liệu Trường Đại học Cần Thơ | ||